000 00538cam a22001931 4500
001 sa 68016398
003 DLC
005 20260227112654.0
008 720711s1966 io 000 0 ind
010 _asa 68016398
035 _a(OCoLC)352082
040 _aDLC
_cOAU
_dOCoLC
_dDLC
042 _apremarc
050 0 0 _aDS644.1.N3
_bA55
100 1 _aNasution, Abdul Haris,
_d1918-2000.
245 0 0 _aKibarkanlah pandji Angkatan '66!
_cKumpulan sambutan/tjeramah A. H. Nasution.
260 _a[Djakarta,
_c1966]
300 _a54 p.
_c21 cm.
999 _c87068
_d87068